00000000cam 2200000zi 4500
0019.957112
003CaOODSP
00520251208122741
006m     o  d f      
007cr |n|||||||||
008251105e202511  oncabd  ob   f000 0 eng d
020 |a9780660796239
040 |aCaOODSP|beng|erda|cCaOODSP
043 |an-cn---
0861 |aFs70-5/2025-077E-PDF
1001 |aVanderlaan, Angelia S. M., |eauthor.
24510|aThreat assessment for the critically endangered North Atlantic right whale (Eubalaena glacialis) / |cAngelia S.M. Vanderlaan, Shelley L.C. Lang, Milagros Sanchez, Megan J. Murphy, Olivia M. Pisano, and Kate Christie.
264 1|aOttawa : |bCanadian Science Advisory Secretariat (CSAS), |cNovember 2025.
264 4|c©2025
300 |a1 online resource (v, 80 pages) : |bmaps, graphs, figures.
336 |atext|btxt|2rdacontent
337 |acomputer|bc|2rdamedia
338 |aonline resource|bcr|2rdacarrier
4901 |aResearch document, |x1919-5044 ; |v2025/077
500 |aIssued also in French under title: Évaluation des menaces pour la baleine noire de l'Atlantique Nord (Eubalaena glacialis), une espèce en danger critique d'extinction.
504 |aIncludes bibliographical references (pages 53-80).
650 0|aNorthern right whale|zAtlantic Coast (Canada)
650 0|aWildlife recovery|zAtlantic Coast (Canada)
650 0|aRare mammals|zAtlantic Coast (Canada)
7101 |aCanada. |bDepartment of Fisheries and Oceans. |bMaritimes Region, |eissuing body.
7102 |aCanadian Science Advisory Secretariat, |eissuing body.
77508|tÉvaluation des menaces pour la baleine noire de l'Atlantique Nord (Eubalaena glacialis), une espèce en danger critique d'extinction / |w(CaOODSP)9.957113
830#0|aResearch document (Canadian Science Advisory Secretariat)|v2025/077.|w(CaOODSP)9.507396
85640|qPDF|s7.08 MB|uhttps://publications.gc.ca/collections/collection_2025/mpo-dfo/fs70-5/Fs70-5-2025-077-eng.pdf